|
|
|
|
| LEADER |
01096nam a2200265 4500 |
| 001 |
31999 |
| 003 |
BD-DhAAL |
| 005 |
20171108163034.0 |
| 008 |
171105r20031999bg ||||||b||| 000 0 ben d |
| 999 |
|
|
|c 38524
|d 38524
|
| 020 |
|
|
|a 9847750351
|
| 040 |
|
|
|a BD-DhAAL
|
| 041 |
|
|
|a BEN
|
| 082 |
|
|
|2 22
|a 327.2092
|
| 100 |
|
|
|a চৌধুরী, ফারুক
|9 23450
|
| 245 |
|
|
|a নানা ক্ষণ নানা কথা /
|c ফারুক চৌধুরী
|
| 250 |
|
|
|a দ্বিতীয় মুদ্রণ
|
| 260 |
|
|
|a ঢাকা :
|b প্রথম,
|c ১৯৯৯ [দ্বিতীয় মুদ্রণ ২০০৩]
|
| 300 |
|
|
|a ৩২৮ পৃষ্ঠা ;
|c ২২ সে. মি.
|
| 526 |
|
|
|a AAL
|
| 541 |
|
|
|e 31999
|a Complementary copy from Faruque Chowdhury
|
| 650 |
|
|
|a Diplomats
|v Biography
|z Bangladesh
|9 23451
|
| 650 |
|
|
|a Politics and government
|z Bangladesh
|9 23452
|
| 942 |
|
|
|2 ddc
|c BK
|
| 952 |
|
|
|0 0
|1 0
|2 ddc
|4 0
|6 327_209200000000000_CHO
|7 0
|9 61763
|a BRACUL
|b BRACUL
|c GEN
|d 2017-11-05
|g 210.00
|l 0
|o 327.2092 CHO
|p 3010031999
|r 2017-11-05
|t 1
|v 210.00
|w 2017-11-05
|y BK
|